1158 1186 1639 1812 1214 1620 1683 1588 1689 1156 1336 1102 1140 1884 1784 1940 1132 1886 1031 1873 1501 1467 1752 1263 1462 1559 1334 1252 1261 1121 1406 1988 1187 1310 1570 1466 1675 1254 1988 1867 1937 1247 1085 1746 1635 1393 1928 1580 1254 1333 1071 1895 1731 1172 1667 1167 1463 1873 1914 1896 1485 1589 1669 1526 1058 1747 1657 1877 1791 1106 1086 1060 1689 1098 1552 1150 1283 1448 1908 1876 1833 1097 1264 1879 1022 1513 1259 1659 1507 1550 1753 1095 1439 1988 1518 1313 1485 1841 1384 BCNSPRNW ULIB Ver.6.0+V

เปลี่ยนเป็นภาษาไทย

Change to English
 แสดงรายละเอียดบรรณานุกรม
  กลับหน้าหลัก

Brief Record : Get Marc (ISO 2709) : E-mail record : QR code < ปิดหน้าต่าง
LEADER : 00000nam 2200000uu 4500
001    13399128030
003     ULIB
008    220111s2563||||th 000 0 tha d
020 ^a ^a9786165471084
050 4  ^aPE1130.T5^bส779ท
100 0  ^aสุทิน พูลสวัสดิ์
245 10 ^aTOEFL ITP /^cสุทิน พูลสวัสดิ์
260 ^a ^aกรุงเทพฯ :^bศูนย์หนังสือ ที.จี.อาร์.อี,^c2563.
300 ^a ^a296 หน้า :^bภาพประกอบ
650 4  ^aโทเฟล^xคู่มือ
650  ^ aภาษาอังกฤษ^xการสอบ
650  ^ aภาษาอังกฤษ^xข้อสอบและเฉลย
945    ^p395^l0^i29176
999    ^aกัณชพร จุลอักษร
รายการนี้ยังไม่มีแท็ก
คุณยังไม่ได้ล็อกอิน คุณสามารถมีกิจกรรมร่วมกับเว็บไซต์ได้ แต่ต้องล็อกอินก่อน ::
  ล็อกอิน

รายการสื่อสารสนเทศ

ลำดับที่ ประเภท เลขเรียก/บาร์โค้ด สถานที่ สถานะ
1. วิทยาศาสตร์การแพทย์ และสุขภาพ
วิทยาศาสตร์การแพทย์ และสุขภาพ
PE1130.T5 ส779ท ฉ.1 
  Barcode: 29176
ห้องสมุดวิทยาเขตนครสวรรค์
►หนังสือทั่วไป:l:General Books
บนชั้น

รายการใกล้เคียง
    ผู้แต่ง [สุทิน พูลสวัสดิ์]

BibComment


ยังไม่เคยถูกคอมเมนท์

คอมเมนท์ทรัพยากรรายการนี้
  คอมเมนท์: TOEFL ITP สุทิน..


 Copyright 2026. Bcnsprnw @Library